Аизга. Т. 4: Аҿата ҳәахьа (Запись № 10293753)

Подробности
000 -МАРКЕР
контрольное поле 00973nam2a2200265 4500
001 - ИДЕНТИФИКАТОР ЗАПИСИ
контрольное поле RU\NLR\ONL2\28309
005 - ИДЕНТИФИКАТОР ВЕРСИИ
контрольное поле 20250613224848.0
010 ## - МЕЖДУНАРОДНЫЙ СТАНДАРТНЫЙ НОМЕР КНИГИ (ISBN)
Номер (ISBN) 978-5-88093-254-4
035 ## - ДРУГИЕ СИСТЕМНЫЕ НОМЕРА
Идентификатор записи (NLR Aleph) 010215262
100 ## - ДАННЫЕ ОБЩЕЙ ОБРАБОТКИ
Данные общей обработки 20131007d2014 |||y0rusy50 ca
101 1# - ЯЗЫК РЕСУРСА
Язык текста, звукозаписи и т.д. абхазский
Язык промежуточного перевода русский
Язык оригинала греческий (древнегр.)
102 ## - СТРАНА ПУБЛИКАЦИИ ИЛИ ПРОИЗВОДСТВА
Страна публикации Абхазия
-- Российская Федерация
105 ## - ПОЛЕ КОДИРОВАННЫХ ДАННЫХ: ТЕКСТОВЫЕ МАТЕРИАЛЫ, МОНОГРАФИЧЕСКИЕ
Кодированные данные о монографическом текстовом документе y |||||||||
200 1# - ЗАГЛАВИЕ И СВЕДЕНИЯ ОБ ОТВЕТСТВЕННОСТИ
Основное заглавие Аҿата ҳәахьа
210 ## - ПУБЛИКАЦИЯ, РАСПРОСТРАНЕНИЕ И ДР.
Дата издания, распространения и т.д. 2014
Место издания, распространения и т.д. Б. м.
215 ## - ФИЗИЧЕСКАЯ ХАРАКТЕРИСТИКА
Специфическое обозначение материала и объем 612,[2] с.
461 #0 - УРОВЕНЬ НАБОРА
Встроенное поле 001RU\NLR\ONL1\1180
-- 2000#$aАизга$eхә-томкны$fМушьни Лашәрия$vТ. 4
-- 700#1$aЛашәриа$bМ.$4070$gМушьни
Системный номер (АБИС) связанной записи 9486991
Автор Лашәриа, М.
Место публикации Аҟәа
Дата публикации 2013-
Первые сведения об ответственности Мушьни Лашәрия
Имя издателя, распространителя и т.д. Аҧҳәынҭшәҟәҭыжьырҭа
Сведения, относящиеся к заглавию хә-томкны
Заглавие Аизга
Номер тома Т. 4
801 #0 - ИСТОЧНИК ЗАПИСИ
Страна Российская Федерация
Организация NLR
Дата составления 20131007
Правила каталогизации PSBO
852 ## - МЕСТОНАХОЖДЕНИЕ И ШИФР ХРАНЕНИЯ
Идентификатор организации NLR
Наименование фонда или коллекции (Sub-Location Identifier) ОНЛ
Шифр хранения (Call Number) Абхаз./3-909
942 ## - ДОПОЛНИТЕЛЬНЫЕ ЭЛЕМЕНТЫ ЗАПИСИ (АБИС)
Тип экземпляра АБИС Книга
980 ## - КОЛЛЕКЦИЯ
Название коллекции Национальная библиография
980 ## - КОЛЛЕКЦИЯ
Название коллекции Каталог книг на языках народов РФ и стран СНГ
Экземпляры
Тип экземпляра Дата поступления Источник поступления Библиотека постоянного хранения Библиотека текущего хранения Место хранения Шифр хранения Штрих-код Статус экземпляра
Книга 06.04.2015 Обязательный экземпляр РНБ (Московский) РНБ (Московский) Фонд национальных литератур, ин. ОНЛ Абхаз./3-909 1-697784 Доставлен в Фoнд